|
|
|
|
| LEADER |
03173nam a2200421Ka 4500 |
| 001 |
bslw06339967 |
| 003 |
UtOrBLW |
| 005 |
20101115152719.0 |
| 006 |
m d |
| 007 |
cr un||||||||| |
| 008 |
101115s2000 enk o 000 0 eng d |
| 020 |
|
|
|a 9781849500388 (electronic bk.) :
|c £63.95 ; €92.95 ; $113.95
|
| 040 |
|
|
|a UtOrBLW
|c UtOrBLW
|d GrThAP
|
| 043 |
|
|
|a n-us---
|
| 050 |
|
4 |
|a HD4901
|b .R47 2000
|
| 072 |
|
7 |
|a KCF
|2 bicssc
|
| 072 |
|
7 |
|a ECO
|2 bicssc
|
| 072 |
|
7 |
|a SCI034000
|2 bisacsh
|
| 072 |
|
7 |
|a SOC000000
|2 bisacsh
|
| 080 |
|
|
|a 331.101.26
|
| 082 |
0 |
4 |
|a 331
|2 22
|
| 245 |
0 |
0 |
|a Research in labor economics.
|n Vol. 18
|h [electronic resource].
|
| 260 |
|
|
|a Bingley, U.K. :
|b Emerald,
|c 2000.
|
| 300 |
|
|
|a 1 online resource (xvi, 461 p.).
|
| 490 |
1 |
|
|a Research in labor economics,
|x 0147-9121
|
| 505 |
0 |
|
|a Social security programs and retirement around the world / Jonathan Gruber, David Wise -- Are private schools really better? / David N. Figlio, Joe A. Stone -- Using latent variables in dynamic, discrete choice models : the effect of school characteristics on teacher decisions / Todd R. Stinebrickner -- Job characteristics and the form of compensation form of compensation / W. Bentley MacLeod, Daniel Parent -- Postal service compensation and the comparability standard / Barry T. Hirsch, Michael L. Wachter, James W. Gillula -- Replacing general with specific training: Why restricting alternatives makes sense / John M. Barron, Mark C. Berger, Dan A. Black -- The demand and supply of work-related training : evidence from four countries / Edwin Leuven, Hessel Oosterbeek -- National training systems and industrial performance : U.S.-European matched-plant comparisons / David Finegold, Geoff Mason -- The impact of subsidies on the number of new apprentices / Niels Westergaard-Nielsen, Anders Rue Rasmussen -- Firm-level training for newly hired workers : its determinants and effects / Harry J. Holzer, Jess Reaser -- Formal and informal training : evidence from the NLSY / Mark A. Loewenstein, James R. Spletzer -- Full time or part time? German parental leave policy and the return to work after childbirth in Germany / J. Ondrich, C.K. Spiess, Q. Yang, G.G. Wagner -- How long do the benefits of training last? Evidence of long term effects across current and previous employers / Paul A. Lengermann -- Schooling and labor market consequences of the 1970 state abortion reforms / Joshua D. Angrist, William N. Evans.
|
| 520 |
|
|
|a This work carries seven papers that analyze the effect of government and corporate actions on individuals' labor market behavior and seven others from a November 1996 conference at Cornell University discuss new empirical research on employer training.
|
| 650 |
|
7 |
|a Science
|x History.
|2 bisacsh
|
| 650 |
|
7 |
|a Social Science
|x General.
|2 bisacsh
|
| 650 |
|
7 |
|a Labour economics.
|2 bicssc
|
| 650 |
|
0 |
|a Labor economics.
|
| 650 |
|
0 |
|a Labor supply
|z United States.
|
| 700 |
1 |
|
|a Robst, S. W.
|
| 700 |
1 |
|
|a Polachek, John.
|
| 776 |
1 |
|
|z 9780762305841
|
| 830 |
|
0 |
|a Research in labor economics.
|
| 856 |
4 |
0 |
|u http://www.emeraldinsight.com/0147-9121/18
|z Full Text via HEAL-Link
|
| 913 |
|
|
|1 BMEbacklist
|